000 00545nam a2200169Ia 4500
008 090201s9999 xx 000 0 und d
010 _aKPL-34167
040 _bमराठी
041 _aमराठी
082 _a14290
_b34167
100 _aबाळकृष्ण प्रभूदेसाई
245 _aनायक
_cबाळकृष्ण प्रभूदेसाई
260 _c2004
_bमानसन्मान प्रकाशन
300 _a142
_bमोठा
600 _aनायक
942 _cBOOK
999 _c214477
_d214477